000 00281nam a2200097Ia 4500
005 20250424112821.0
008 250424s9999 xx 000 0 und d
300 _axvi. , 191 p. : ill. ; 28 cm.
650 _aEconomic history--1945---Periodicals. Economics--Periodicals.
942 _cSR
999 _c37297
_d37297